Experimental cell and molecular biology /
Uloženo v:
| Hlavní autor: | |
|---|---|
| Médium: | Sách giấy |
| Jazyk: | English |
| Vydáno: |
Iowa :
Wm.C.Brown Pub. ,
1992
|
| Tagy: |
Přidat tag
Žádné tagy, Buďte první, kdo otaguje tento záznam!
|
| Thư viện lưu trữ: | Thư viện Trường Đại học Đà Lạt |
|---|
| LEADER | 00568nam a2200241 4500 | ||
|---|---|---|---|
| 001 | DLU020017959 | ||
| 005 | ##5/8/2001 | ||
| 020 | # | # | |a 978- |
| 041 | # | # | |a eng |
| 082 | # | # | |a 572.8 |b CH-J |
| 100 | # | # | |a Choinski, John S. |
| 245 | # | # | |a Experimental cell and molecular biology / |c John S. Choinski |
| 260 | # | # | |a Iowa : |b Wm.C.Brown Pub. , |c 1992 |
| 300 | # | # | |a 230 tr., VIII; |c 28 cm. |
| 992 | # | # | |a 623979 |
| 994 | # | # | |a DLU |
| 900 | # | # | |a False |
| 911 | # | # | |a Administrator |
| 925 | # | # | |a G |
| 926 | # | # | |a A |
| 927 | # | # | |a SH |
| 980 | # | # | |a Thư viện Trường Đại học Đà Lạt |